Every creature has a story:what science reveals about animal behaviour (Record no. 211806)
[ view plain ]
| 000 -LEADER | |
|---|---|
| fixed length control field | 00590nam a2200181Ia 4500 |
| 008 - FIXED-LENGTH DATA ELEMENTS--GENERAL INFORMATION | |
| fixed length control field | 210719s2020 xx 000 0 und d |
| 020 ## - INTERNATIONAL STANDARD BOOK NUMBER | |
| International Standard Book Number | 978-93-5357-860-2 |
| 041 ## - LANGUAGE CODE | |
| Language code of text/sound track or separate title | eng |
| 082 ## - DEWEY DECIMAL CLASSIFICATION NUMBER | |
| Classification number | 591.51 LENE |
| 100 ## - MAIN ENTRY--PERSONAL NAME | |
| Personal name | LENIN (Janaki) |
| 245 ## - TITLE STATEMENT | |
| Title | Every creature has a story:what science reveals about animal behaviour |
| 260 ## - PUBLICATION, DISTRIBUTION, ETC. | |
| Place of publication, distribution, etc. | Uttar Pradesh |
| Name of publisher, distributor, etc. | Harper & Collins Publishers |
| Date of publication, distribution, etc. | 2020 |
| 300 ## - PHYSICAL DESCRIPTION | |
| Extent | 282 |
| Other physical details | HB |
| 365 ## - TRADE PRICE | |
| Price amount | 599 |
| Currency code | Rs |
| 650 ## - SUBJECT ADDED ENTRY--TOPICAL TERM | |
| Topical term or geographic name entry element | Animal Behaviour |
| 650 ## - SUBJECT ADDED ENTRY--TOPICAL TERM | |
| Topical term or geographic name entry element | Animal Behaviour |
| 906 ## - LOCAL DATA ELEMENT F, LDF (RLIN) | |
| a | about ; animal ; behaviour ; creature ; Every ; has ; reveals ; science ; story:what |
| Withdrawn status | Lost status | Damaged status | Not for loan | Collection code | Home library | Current library | Date acquired | Source of acquisition | Cost, normal purchase price | Total Checkouts | Full call number | Barcode | Date last seen | Date last checked out | Cost, replacement price | Price effective from | Koha item type |
|---|---|---|---|---|---|---|---|---|---|---|---|---|---|---|---|---|---|
| St Aloysius Library | St Aloysius Library | 02/11/2021 | General Annual | Navakarnataka Publication Pvt Ltd Mangalore | 599.00 | 5 | 591.51 LENE | 074620 | 01/02/2026 | 12/15/2025 | 479.20 | 07/19/2021 | Book |